<?xml version="1.0" encoding="UTF-8"?><OAI-PMH xmlns="http://www.openarchives.org/OAI/2.0/" xmlns:xsi="http://www.w3.org/2001/XMLSchema-instance"     xsi:schemaLocation="http://www.openarchives.org/OAI/2.0/ http://www.openarchives.org/OAI/2.0/OAI-PMH.xsd"><responseDate>2026-05-16T03:13:41Z</responseDate><request verb="GetRecord" identifier="oai:regmurcia.com:fintegr.2680" metadataPrefix="marc21">http://oai.regmurcia.com/oai2/oai2.php</request><GetRecord><record><header><identifier>oai:regmurcia.com:fintegr.2680</identifier><datestamp>2026-05-16</datestamp><setSpec>documentos</setSpec></header><metadata><record  xmlns="http://www.loc.gov/MARC21/slim" xmlns:xsi="http://www.w3.org/2001/XMLSchema-instance" xsi:schemaLocation="http://www.loc.gov/MARC21/slim http://www.loc.gov/standards/marcxml/schema/MARC21slim.xsd" type="Bibliographic"><leader>00000nam a2200000   4500</leader><controlfield tag="001" >005073006</controlfield><controlfield tag="003" >2680</controlfield><controlfield tag="004" >A00000000</controlfield><datafield tag="245" ind1=" " ind2=" "><subfield code="a">Confirmación de Juan II de un privilegio de Enrique II (1367-02-19. Cortes de Burgos) confirmado anteriormente por Juan I (1379-10-15. Cortes de Burgos) y Enrique III (1391-04-20. Cortes de Madrid), por el cual donaba unas casas al monasterio de Santa Clara de Murcia.</subfield></datafield><datafield tag="300" ind1=" " ind2=" "><subfield code="c">610 x 323 + 72 mm</subfield></datafield><datafield tag="351" ind1=" " ind2=" "><subfield code="a">Unidad Documental Simple</subfield><subfield code="c">Archivo Histórico Provincial. Array</subfield><subfield code="a">Unidad Documental Simple</subfield><subfield code="c">Archivo Histórico Provincial. Array</subfield></datafield><datafield tag="351" ind1=" " ind2=" "><subfield code="b">Pergamino 18</subfield></datafield><datafield tag="505" ind1=" " ind2=" "><subfield code="a">/codom/17/041.pdf</subfield></datafield><datafield tag="506" ind1=" " ind2=" "><subfield code="a">Acceso restringido</subfield></datafield><datafield tag="510" ind1=" " ind2=" "><subfield code="a">Pub. GARCÍA DÍAZ, ISABEL. Documentos del Monasterio de Santa Clara. Murcia: Academia Alfonso X el Sabio, 1997, p. 56-60</subfield></datafield><datafield tag="520" ind1=" " ind2=" "><subfield code="a">Juan II confirma el privilegio de donación de Enrique II al monasterio de Santa Clara de Murcia de las casas reales y los 2.000 maravedís de renta del almojarifazgo, confirmado por Juan I y Enrique III.</subfield></datafield><datafield tag="583" ind1=" " ind2=" "><subfield code="u">http://www.regmurcia.com/servlet/s.Sl?METHOD=VERDOCUMENTO&amp;sit=serv,Carmesi&amp;n=/03/5365/indice.djvu</subfield></datafield><datafield tag="592" ind1=" " ind2=" "><subfield code="a">1408-04-15</subfield></datafield><datafield tag="592" ind1=" " ind2=" "><subfield code="d">1408-04-15 00:00:00</subfield></datafield><datafield tag="651" ind1=" " ind2=" "><subfield code="a">Alcalá de Henares</subfield></datafield><datafield tag="786" ind1=" " ind2=" "><subfield code="o">http://www.regmurcia.com/servlet/s.Sl?METHOD=VERDOCUMENTO&amp;sit=serv,Carmesi&amp;n=/03/5365/indice.djvu</subfield></datafield><datafield tag="856" ind1=" " ind2=" "><subfield code="u">http://www.regmurcia.com/servlet/s.Sl?METHOD=DETALLE&amp;sit=c,373,m,139,serv,Carmesi&amp;id=2680</subfield></datafield></record></metadata></record></GetRecord></OAI-PMH>
